Záíkon o ochrane, podpore a rozvoji verejného zdravia s komentárom

Zákon č. 355/2007 Z.z. o ochrane, podpore a rozvoji verejného zdravia a o zmene a doplnení niektorých zákonov s komentárom.

Salvato in:
Dettagli Bibliografici
Autore principale: Čintala, Peter
Natura: Capitolo di libro
Lingua:slovacco
Soggetti:
Tags: Aggiungi Tag
Nessun Tag, puoi essere il primo ad aggiungerne!!

MARC

LEADER 00000naa$a2200000$$$4500
001 0068970
005 20231120081804.8
041 0 |a slo 
044 |a SK 
245 1 0 |a Záíkon o ochrane, podpore a rozvoji verejného zdravia s komentárom  |c Peter Čintala 
520 |a Zákon č. 355/2007 Z.z. o ochrane, podpore a rozvoji verejného zdravia a o zmene a doplnení niektorých zákonov s komentárom. 
610 2 0 |a zdravotníctvo verejné 
610 2 0 |a ochrana zdravia 
610 2 0 |a zákony 
610 2 0 |a komentáre 
610 2 0 |a Slovensko 
610 2 0 |a 2007 
100 1 |a Čintala, Peter